000 01230nam a2200373 i 4500
001 121428
003 UkOxU
005 20230403162020.0
008 230403s2016 enk 000|0 eng|d
020 _a9780414054677
_qpaperback
020 _a0414054679
_qpaperback
041 _aeng
082 0 4 _a343.41078624
245 0 0 _aJCT: sub-contractor collateral warranty for the employer 2016.
_bSCWa/E 2016
246 3 0 _aSub-contractor collateral warranty for the employer 2016
246 1 _aSCWa/E 2016
264 1 _aLondon :
_bThomson Reuters (Professional) UK Limited, trading as Sweet & Maxwell,
_cNovember 2016.
264 4 _c©2016
300 _aii, 20 pages ;
_c30 cm
336 _atext
_2rdacontent
337 _aunmediated
_2rdamedia
338 _avolume
_2rdacarrier
490 _aJCT Contracts 2016
500 _aTitle from cover.
500 _a"2016 collateral warranties".
650 0 _aConstruction contracts
_zGreat Britain.
650 0 _aConstruction contracts
_zGreat Britain
650 0 _aWarranty
_zGreat Britain.
650 0 _aWarranty
_zGreat Britain
651 _aUnited Kingdom
710 2 _aJoint Contracts Tribunal,
_eissuing body.
942 _n0
999 _c121428
_d121428